000 00537nam a22001937a 4500
999 _c18525
_d18525
008 200923b xxu||||| |||| 00| 0 eng d
020 _a1292229365
050 _aQH323.5
_b.T75 2019 c.1
100 _aTriola, Marc M.
245 _aBiostatistics for the biological and health sciences
_cMarc M. Triola
250 _a2nd ed.
_bGlobal edition
260 _aHarlow
_bPearson
_c2019
300 _a715p.
650 _aBiometry
650 _aMedical statistics
700 _aMario F. Triola
700 _aJason Roy
942 _2lcc
_cBK